000 00841nac a22002417a 4500
001 BR8202105
003 BR-BrBNA
005 20240105115307.0
008 230509b bl.|||m| |||| 00| 0 por d
040 _aBR-BrBNA
_bpor
_cBiblioteca Nacional de Agricultura
072 _aC00
090 _aC00 BR8202105
110 1 _aEmpresa de Assistencia Tecnica e Extensao Rural do Estado de Sergipe, Aracaju (Brasil)
_94032
245 1 _a1962/1982 20 ANOS DE EXTENSAO RURAL EM Sergipe [Brasil]
260 3 _aAracaju, SE (Brasil):
_c1982.
300 _a50 p.
490 _aSerie Relatorios - Empresa de Assistencia Tecnica e Extensao Rural do Estado de Sergipe (Brazil)
_vno. 3
_x
500 _a30 illus.; 14 tables
650 _aEXTENSAO RURAL
650 _aSERGIPE
909 _a202312
_bLúcia Elande
_c55
_dLúcia Elande
942 _2AGRIS
_n0
_cMS
999 _c274113
_d274113